[Event "Team Championship of Russia (rapid)"]
[Site "Sochi"]
[Date "2015.05.09"]
[Round "7.26"]
[White "Bryzgalin, Kirill"]
[Black "Vastrukhin, Oleg"]
[Result "1-0"]
[LiveChessVersion "1.4.4"]
[BlackElo "2444"]
[WhiteElo "2588"]
[BlackTeam "Boavishta"]

1. c4 {[%clk 0:15:17]} Nf6 {[%clk 0:15:19]} 2. g3 {[%clk 0:15:24]} g6
{[%clk 0:15:23]} 3. Bg2 {[%clk 0:15:33]} Bg7 {[%clk 0:15:32]} 4. Nc3
{[%clk 0:15:41]} O-O {[%clk 0:15:39]} 5. e3 {[%clk 0:15:45]} c6 {[%clk 0:15:34]}
6. Qb3 {[%clk 0:15:29]} d6 {[%clk 0:14:34]} 7. Nge2 {[%clk 0:15:35]} Nbd7
{[%clk 0:14:40]} 8. O-O {[%clk 0:15:29]} Nc5 {[%clk 0:14:25]} 9. Qc2
{[%clk 0:15:34]} e5 {[%clk 0:14:30]} 10. d4 {[%clk 0:15:37]} exd4
{[%clk 0:14:27]} 11. Nxd4 {[%clk 0:15:43]} a5 {[%clk 0:14:01]} 12. b3
{[%clk 0:15:38]} Re8 {[%clk 0:13:52]} 13. Ba3 {[%clk 0:15:05]} Qc7
{[%clk 0:13:42]} 14. Rad1 {[%clk 0:15:09]} Bg4 {[%clk 0:13:47]} 15. Rd2
{[%clk 0:15:16]} Rad8 {[%clk 0:13:51]} 16. h3 {[%clk 0:15:16]} Bc8
{[%clk 0:13:49]} 17. Rfd1 {[%clk 0:15:13]} h5 {[%clk 0:13:32]} 18. Ndb5
{[%clk 0:10:49]} cxb5 {[%clk 0:13:07]} 19. Nxb5 {[%clk 0:10:58]} Qb8
{[%clk 0:12:00]} 20. Bxc5 {[%clk 0:08:25]} Bf5 {[%clk 0:12:01]} 21. Ba7
{[%clk 0:08:27]} Bxc2 {[%clk 0:10:02]} 22. Bxb8 {[%clk 0:08:36]} Bxd1
{[%clk 0:10:10]} 23. Bc7 {[%clk 0:08:44]} Rd7 {[%clk 0:09:58]} 24. Rxd1
{[%clk 0:08:42]} Ne4 {[%clk 0:09:59]} 25. Bxe4 {[%clk 0:08:19]} Rxe4
{[%clk 0:10:06]} 26. Bxa5 {[%clk 0:08:19]} Re6 {[%clk 0:09:16]} 27. Bb4
{[%clk 0:07:41]} Bf8 {[%clk 0:08:22]} 28. Nc3 {[%clk 0:07:16]} Rc7
{[%clk 0:07:38]} 29. Nd5 {[%clk 0:07:15]} Rc6 {[%clk 0:07:46]} 30. a4
{[%clk 0:07:21]} f5 {[%clk 0:07:00]} 31. h4 {[%clk 0:07:29]} Kf7 {[%clk 0:07:07]}
32. Kg2 {[%clk 0:07:29]} Re8 {[%clk 0:05:50]} 33. Kf3 {[%clk 0:07:36]} Bg7
{[%clk 0:05:50]} 34. Ke2 {[%clk 0:07:08]} Be5 {[%clk 0:05:49]} 35. Kf3
{[%clk 0:07:02]} Bg7 {[%clk 0:05:49]} 36. Rd3 {[%clk 0:05:57]} Be5
{[%clk 0:05:46]} 37. Ke2 {[%clk 0:06:05]} Re6 {[%clk 0:05:50]} 38. Kd2
{[%clk 0:06:11]} Re8 {[%clk 0:05:22]} 39. Kc2 {[%clk 0:06:11]} Ra8
{[%clk 0:05:24]} 40. Kb1 {[%clk 0:05:49]} Bg7 {[%clk 0:05:12]} 41. Rd1
{[%clk 0:04:57]} Be5 {[%clk 0:05:14]} 42. Kc2 {[%clk 0:04:23]} Bg7
{[%clk 0:05:08]} 43. Kd3 {[%clk 0:04:22]} Be5 {[%clk 0:05:16]} 44. Ke2
{[%clk 0:04:14]} Bg7 {[%clk 0:05:24]} 45. f4 {[%clk 0:04:21]} Re8
{[%clk 0:05:23]} 46. Kd3 {[%clk 0:04:19]} Re6 {[%clk 0:05:21]} 47. Ba5
{[%clk 0:04:21]} Re8 {[%clk 0:05:21]} 48. Bb6 {[%clk 0:04:24]} Ra8
{[%clk 0:05:19]} 49. Re1 {[%clk 0:04:15]} Re8 {[%clk 0:05:18]} 50. a5
{[%clk 0:04:17]} Bf6 {[%clk 0:05:19]} 51. b4 {[%clk 0:04:07]} Re4
{[%clk 0:04:53]} 52. Rc1 {[%clk 0:04:14]} Ke6 {[%clk 0:04:56]} 53. b5
{[%clk 0:03:20]} Rcxc4 {[%clk 0:04:41]} 54. Rxc4 {[%clk 0:03:03]} Kxd5
{[%clk 0:04:50]} 55. Rxe4 {[%clk 0:03:11]} fxe4+ {[%clk 0:04:58]} 56. Kc2
{[%clk 0:03:20]} Be7 {[%clk 0:04:26]} 57. Kb3 {[%clk 0:03:26]} Bf6
{[%clk 0:04:34]} 58. Kb4 {[%clk 0:03:22]} Bb2 59. Kb3 {[%clk 0:03:21]} Bc1
{[%clk 0:04:00]} 60. a6 {[%clk 0:01:38]} bxa6 {[%clk 0:04:08]} 61. bxa6
{[%clk 0:01:47]} Kc6 {[%clk 0:04:17]} 62. a7 {[%clk 0:01:55]} Kb7
{[%clk 0:04:26]} 63. Kc3 {[%clk 0:01:56]} d5 {[%clk 0:03:59]} 64. Bc5
{[%clk 0:01:59]} Ka8 {[%clk 0:04:05]} 65. Kc2 {[%clk 0:02:07]} 1-0

[Event "Team Championship of Russia (rapid)"]
[Site "Sochi"]
[Date "2015.05.09"]
[Round "7.27"]
[White "Pasiev, Rakhim"]
[Black "Lugovskoy, Maxim"]
[Result "1/2-1/2"]
[LiveChessVersion "1.4.4"]
[BlackElo "2445"]
[WhiteElo "2406"]
[WhiteTeam "Boavishta"]

1. e4 {[%clk 0:15:15]} e6 {[%clk 0:15:19]} 2. d4 {[%clk 0:15:24]} d5
{[%clk 0:15:28]} 3. Nc3 {[%clk 0:15:33]} Bb4 {[%clk 0:15:37]} 4. e5
{[%clk 0:15:42]} c5 {[%clk 0:15:46]} 5. Qg4 {[%clk 0:15:50]} Ne7 {[%clk 0:15:55]}
6. dxc5 {[%clk 0:15:59]} Nbc6 {[%clk 0:15:34]} 7. Bd2 {[%clk 0:16:08]} O-O
{[%clk 0:15:18]} 8. O-O-O {[%clk 0:16:01]} Bxc5 {[%clk 0:14:48]} 9. Nf3
{[%clk 0:16:02]} Ng6 {[%clk 0:14:11]} 10. Qh5 {[%clk 0:16:05]} Be7
{[%clk 0:13:27]} 11. h4 {[%clk 0:14:57]} Qe8 {[%clk 0:10:47]} 12. Nb5
{[%clk 0:13:28]} Qd7 {[%clk 0:09:08]} 13. Bd3 {[%clk 0:13:21]} Nb4
{[%clk 0:07:38]} 14. Bxb4 {[%clk 0:12:34]} Bxb4 {[%clk 0:07:47]} 15. Ng5
{[%clk 0:10:41]} h6 {[%clk 0:07:55]} 16. Bxg6 {[%clk 0:10:50]} fxg6
{[%clk 0:06:44]} 17. Qxg6 {[%clk 0:10:58]} hxg5 {[%clk 0:05:18]} 18. hxg5
{[%clk 0:11:06]} Qxb5 {[%clk 0:04:48]} 19. Rh7 {[%clk 0:11:10]} Rf7
{[%clk 0:04:55]} 20. Rh8+ {[%clk 0:10:10]} Kxh8 {[%clk 0:05:04]} 21. Qxf7
{[%clk 0:10:19]} Bd2+ {[%clk 0:05:13]} 22. Kxd2 {[%clk 0:10:28]} Qb4+
{[%clk 0:05:10]} 23. Kc1 {[%clk 0:10:36]} Qh4 {[%clk 0:05:18]} 24. g6
{[%clk 0:10:39]} Bd7 {[%clk 0:05:08]} 25. Qxd7 {[%clk 0:10:47]} Qh6+
{[%clk 0:05:15]} 26. f4 {[%clk 0:10:04]} Qxg6 {[%clk 0:05:10]} 27. Qxb7
{[%clk 0:10:07]} Rf8 {[%clk 0:05:18]} 28. Qxa7 {[%clk 0:09:57]} Qxg2
{[%clk 0:04:35]} 29. Qe7 {[%clk 0:09:53]} Rc8 {[%clk 0:04:39]} 30. c3
{[%clk 0:08:59]} Rb8 {[%clk 0:04:49]} 31. b3 {[%clk 0:08:03]} Rc8
{[%clk 0:03:59]} 32. c4 {[%clk 0:08:10]} Qf3 {[%clk 0:02:31]} 33. Qxe6
{[%clk 0:06:51]} Rxc4+ {[%clk 0:01:55]} 34. bxc4 {[%clk 0:06:29]} Qc3+
{[%clk 0:02:03]} 35. Kb1 {[%clk 0:06:37]} Qb4+ {[%clk 0:02:13]} 36. Kc2
{[%clk 0:06:47]} Qxc4+ {[%clk 0:02:22]} 37. Kd2 {[%clk 0:06:56]} Qd4+
{[%clk 0:02:31]} 38. Ke2 {[%clk 0:07:00]} Qe4+ {[%clk 0:02:37]} 39. Kf2
{[%clk 0:07:03]} Qxf4+ {[%clk 0:02:38]} 40. Kg2 {[%clk 0:06:54]} Qe4+
{[%clk 0:02:47]} 41. Kg3 {[%clk 0:06:44]} Qe3+ {[%clk 0:02:31]} 42. Kh4
{[%clk 0:06:53]} Qf2+ {[%clk 0:01:17]} 43. Kg5 {[%clk 0:06:53]} Qe3+
{[%clk 0:00:49]} 44. Kh5 {[%clk 0:06:45]} Qe2+ {[%clk 0:00:14]} 45. Qg4
{[%clk 0:04:47]} Qxe5+ {[%clk 0:00:23]} 46. Qg5 {[%clk 0:04:55]} Qe2+
{[%clk 0:00:29]} 47. Kg6 {[%clk 0:04:57]} Qe6+ {[%clk 0:00:32]} 48. Kh5
{[%clk 0:05:02]} Qh3+ {[%clk 0:00:37]} 1/2-1/2

[Event "Team Championship of Russia (rapid)"]
[Site "Sochi"]
[Date "2015.05.09"]
[Round "7.28"]
[White "Oganian, Miran"]
[Black "Denishev, Marat"]
[Result "1-0"]
[LiveChessVersion "1.4.4"]
[BlackElo "2261"]
[WhiteElo "2433"]

1. Nf3 {[%clk 0:15:17]} Nf6 {[%clk 0:15:15]} 2. c4 {[%clk 0:15:16]} c5
{[%clk 0:15:00]} 3. b3 {[%clk 0:15:25]} e6 {[%clk 0:15:00]} 4. Bb2
{[%clk 0:15:33]} b6 {[%clk 0:14:46]} 5. g3 {[%clk 0:15:36]} Bb7 {[%clk 0:14:55]}
6. Bg2 {[%clk 0:15:45]} Be7 {[%clk 0:14:58]} 7. O-O {[%clk 0:15:54]} O-O
{[%clk 0:15:06]} 8. e3 {[%clk 0:14:24]} Qc7 {[%clk 0:14:08]} 9. Qe2
{[%clk 0:14:28]} d5 {[%clk 0:13:05]} 10. d3 {[%clk 0:14:18]} Nc6 {[%clk 0:13:01]}
11. cxd5 {[%clk 0:14:16]} exd5 {[%clk 0:12:31]} 12. Nc3 {[%clk 0:11:53]} Rac8
{[%clk 0:11:20]} 13. Nh4 {[%clk 0:11:35]} Qd7 {[%clk 0:10:33]} 14. Rfe1
{[%clk 0:09:14]} Rfe8 {[%clk 0:10:34]} 15. Nf3 {[%clk 0:09:06]} Ba6
{[%clk 0:10:06]} 16. Rad1 {[%clk 0:08:57]} Rcd8 {[%clk 0:08:40]} 17. Qc2
{[%clk 0:08:45]} Qf5 {[%clk 0:06:59]} 18. Qb1 {[%clk 0:08:02]} Bf8
{[%clk 0:06:41]} 19. Nh4 {[%clk 0:06:46]} Qd7 {[%clk 0:05:48]} 20. Ne2
{[%clk 0:06:09]} Be7 {[%clk 0:04:20]} 21. Nf3 {[%clk 0:05:36]} Qc7
{[%clk 0:02:43]} 22. Rc1 {[%clk 0:04:10]} Qd7 {[%clk 0:02:15]} 23. a3
{[%clk 0:03:41]} Na5 {[%clk 0:02:11]} 24. b4 {[%clk 0:03:06]} Nb3
{[%clk 0:01:29]} 25. Rcd1 {[%clk 0:02:37]} c4 {[%clk 0:01:06]} 26. dxc4
{[%clk 0:02:38]} Bxc4 {[%clk 0:01:12]} 27. Nf4 {[%clk 0:02:17]} Qc8
{[%clk 0:00:57]} 28. h4 {[%clk 0:01:39]} a5 {[%clk 0:01:03]} 29. Ng5
{[%clk 0:01:12]} h6 {[%clk 0:00:55]} 30. Bh3 {[%clk 0:00:43]} Qc6
{[%clk 0:00:41]} 31. Nxf7 {[%clk 0:00:46]} Ne4 {[%clk 0:00:14]} 32. Nxd8
{[%clk 0:00:35]} Bxd8 {[%clk 0:00:23]} 33. Bg2 {[%clk 0:00:36]} axb4
{[%clk 0:00:17]} 34. axb4 {[%clk 0:00:45]} b5 {[%clk 0:00:15]} 35. Nd3
{[%clk 0:00:21]} Be7 {[%clk 0:00:15]} 36. Ne5 {[%clk 0:00:26]} Qe6
{[%clk 0:00:18]} 37. Nxc4 {[%clk 0:00:18]} bxc4 {[%clk 0:00:25]} 38. Bxe4
{[%clk 0:00:22]} dxe4 {[%clk 0:00:29]} 39. Bc3 {[%clk 0:00:31]} Rf8
{[%clk 0:00:19]} 40. Qc2 {[%clk 0:00:37]} Rb8 {[%clk 0:00:22]} 41. Qe2
{[%clk 0:00:32]} Bxb4 {[%clk 0:00:20]} 42. Bxb4 {[%clk 0:00:29]} Rxb4
{[%clk 0:00:29]} 43. Rd8+ {[%clk 0:00:25]} Kh7 {[%clk 0:00:36]} 44. Qc2
{[%clk 0:00:18]} Nc5 {[%clk 0:00:34]} 45. Rb1 {[%clk 0:00:18]} Rxb1+
{[%clk 0:00:22]} 46. Qxb1 {[%clk 0:00:27]} Nd3 {[%clk 0:00:23]} 47. Qb8
{[%clk 0:00:16]} Qf6 {[%clk 0:00:13]} 48. Rh8+ {[%clk 0:00:16]} Kg6
{[%clk 0:00:22]} 49. Qe8+ {[%clk 0:00:24]} Qf7 {[%clk 0:00:20]} 50. h5+ 1-0

[Event "Team Championship of Russia (rapid)"]
[Site "Sochi"]
[Date "2015.05.09"]
[Round "7.29"]
[White "Reshetnikov, Alexey"]
[Black "Iljin, Artem"]
[Result "1-0"]
[LiveChessVersion "1.4.4"]
[BlackElo "2506"]
[WhiteElo "2390"]
[BlackTeam "Ladya-2"]
[WhiteTeam "Our heritage - Junior"]

1. c4 {[%clk 0:15:20]} e5 {[%clk 0:14:43]} 2. Nc3 {[%clk 0:15:28]} Nf6
{[%clk 0:14:50]} 3. g3 {[%clk 0:15:36]} Bb4 {[%clk 0:14:51]} 4. Bg2
{[%clk 0:15:44]} O-O {[%clk 0:14:54]} 5. Nf3 {[%clk 0:15:25]} Nc6
{[%clk 0:14:30]} 6. O-O {[%clk 0:15:05]} e4 {[%clk 0:14:05]} 7. Ng5
{[%clk 0:15:12]} Bxc3 {[%clk 0:14:08]} 8. dxc3 {[%clk 0:15:17]} Re8
{[%clk 0:13:58]} 9. Nh3 {[%clk 0:14:50]} h6 {[%clk 0:13:11]} 10. Nf4
{[%clk 0:14:57]} d6 {[%clk 0:12:24]} 11. b3 {[%clk 0:15:01]} Bf5 {[%clk 0:12:24]}
12. Nd5 {[%clk 0:15:01]} Ne5 {[%clk 0:12:14]} 13. h3 {[%clk 0:14:10]} c6
{[%clk 0:11:39]} 14. Ne3 {[%clk 0:13:37]} Be6 {[%clk 0:11:32]} 15. f4
{[%clk 0:12:54]} exf3 {[%clk 0:11:31]} 16. exf3 {[%clk 0:13:02]} Ng6
{[%clk 0:08:56]} 17. f4 {[%clk 0:12:48]} Bc8 {[%clk 0:08:30]} 18. Qd3
{[%clk 0:12:21]} Qe7 {[%clk 0:07:28]} 19. Kh2 {[%clk 0:11:12]} Ne4
{[%clk 0:06:46]} 20. f5 {[%clk 0:10:17]} Nf8 {[%clk 0:06:17]} 21. Ng4
{[%clk 0:09:12]} Nd7 {[%clk 0:05:33]} 22. Ba3 {[%clk 0:07:53]} Ndc5
{[%clk 0:04:15]} 23. Qe3 {[%clk 0:06:25]} h5 {[%clk 0:00:32]} 24. f6
{[%clk 0:06:26]} Qe6 {[%clk 0:00:36]} 25. Nh6+ {[%clk 0:06:02]} Kh7
{[%clk 0:00:44]} 26. Bxc5 {[%clk 0:04:31]} dxc5 {[%clk 0:00:23]} 27. Rae1
{[%clk 0:02:05]} g6 {[%clk 0:00:23]} 28. Bxe4 {[%clk 0:00:19]} Qxh3+
{[%clk 0:00:20]} 29. Kg1 {[%clk 0:00:29]} Rxe4 {[%clk 0:00:14]} 30. Qxe4
{[%clk 0:00:36]} Qxg3+ {[%clk 0:00:15]} 31. Qg2 {[%clk 0:00:45]} Qxg2+
{[%clk 0:00:24]} 32. Kxg2 {[%clk 0:00:53]} Kxh6 {[%clk 0:00:33]} 33. Re7
{[%clk 0:01:00]} Be6 {[%clk 0:00:36]} 34. Rxb7 {[%clk 0:00:45]} Rd8
{[%clk 0:00:28]} 35. Rxa7 {[%clk 0:00:44]} g5 {[%clk 0:00:37]} 36. Re7
{[%clk 0:00:44]} Rd6 {[%clk 0:00:25]} 37. a4 {[%clk 0:00:50]} g4 {[%clk 0:00:34]}
38. a5 {[%clk 0:00:51]} h4 {[%clk 0:00:40]} 39. a6 {[%clk 0:00:54]} h3+
{[%clk 0:00:35]} 40. Kg3 {[%clk 0:00:50]} Rd3+ {[%clk 0:00:44]} 41. Kh4
{[%clk 0:00:48]} g3 {[%clk 0:00:17]} 42. Rxe6 {[%clk 0:00:39]} g2
{[%clk 0:00:26]} 43. Ree1 {[%clk 0:00:32]} h2 {[%clk 0:00:26]} 44. Rg1
{[%clk 0:00:15]} Rd2 {[%clk 0:00:26]} 45. Kg3 {[%clk 0:00:12]} hxg1=Q
{[%clk 0:00:31]} 46. Rxg1 {[%clk 0:00:21]} Ra2 {[%clk 0:00:40]} 47. Rxg2
{[%clk 0:00:29]} Rxa6 {[%clk 0:00:49]} 48. Kf4 {[%clk 0:00:37]} Ra1
{[%clk 0:00:41]} 49. Ke5 {[%clk 0:00:39]} Rd1 {[%clk 0:00:48]} 50. Rg7
{[%clk 0:00:23]} Rd7 {[%clk 0:00:57]} 51. Rg3 {[%clk 0:00:27]} Kh5
{[%clk 0:00:55]} 52. Kf5 {[%clk 0:00:29]} Kh4 {[%clk 0:01:01]} 53. Re3
{[%clk 0:00:34]} Rb7 {[%clk 0:01:05]} 54. Re7 {[%clk 0:00:38]} Rxb3
{[%clk 0:01:13]} 55. Rxf7 {[%clk 0:00:47]} Rxc3 {[%clk 0:01:20]} 56. Rh7+
{[%clk 0:00:53]} Kg3 {[%clk 0:01:28]} 57. f7 {[%clk 0:00:36]} Rxc4
{[%clk 0:01:37]} 1-0

[Event "Team Championship of Russia (rapid)"]
[Site "Sochi"]
[Date "2015.05.09"]
[Round "7.30"]
[White "Gerasimov, Ivan"]
[Black "Vavulin, Maksim"]
[Result "0-1"]
[LiveChessVersion "1.4.4"]
[BlackElo "2307"]
[WhiteElo "2311"]
[BlackTeam "Our heritage - Junior"]
[WhiteTeam "Ladya-2"]

1. e4 {[%clk 0:15:16]} e5 {[%clk 0:15:19]} 2. Nf3 {[%clk 0:15:24]} Nc6
{[%clk 0:15:27]} 3. Bb5 {[%clk 0:15:32]} a6 {[%clk 0:15:35]} 4. Ba4
{[%clk 0:15:41]} Nge7 {[%clk 0:15:44]} 5. Nc3 {[%clk 0:13:39]} d6
{[%clk 0:15:47]} 6. d4 {[%clk 0:13:22]} b5 {[%clk 0:15:53]} 7. Bb3
{[%clk 0:13:27]} Nxd4 {[%clk 0:16:00]} 8. h3 {[%clk 0:12:45]} Nxb3
{[%clk 0:14:34]} 9. axb3 {[%clk 0:12:52]} Bb7 {[%clk 0:14:43]} 10. Bg5
{[%clk 0:12:42]} h6 {[%clk 0:14:47]} 11. Be3 {[%clk 0:12:41]} Qd7
{[%clk 0:14:13]} 12. b4 {[%clk 0:12:17]} f5 {[%clk 0:14:11]} 13. Nh4
{[%clk 0:11:35]} f4 {[%clk 0:11:28]} 14. Qh5+ {[%clk 0:11:40]} Kd8
{[%clk 0:11:37]} 15. Bd2 {[%clk 0:11:39]} g5 {[%clk 0:11:35]} 16. Nf3
{[%clk 0:11:10]} Qe8 {[%clk 0:11:41]} 17. g4 {[%clk 0:10:42]} Qxh5
{[%clk 0:11:22]} 18. gxh5 {[%clk 0:10:50]} Ng8 {[%clk 0:11:19]} 19. h4
{[%clk 0:10:14]} g4 {[%clk 0:11:02]} 20. Nh2 {[%clk 0:10:23]} Nf6
{[%clk 0:11:10]} 21. Rg1 {[%clk 0:10:32]} Rg8 {[%clk 0:11:16]} 22. O-O-O
{[%clk 0:10:23]} Bc8 {[%clk 0:10:50]} 23. Nd5 {[%clk 0:08:51]} Nxe4
{[%clk 0:08:54]} 24. Be1 {[%clk 0:08:59]} Be6 {[%clk 0:08:23]} 25. f3
{[%clk 0:08:35]} Bxd5 {[%clk 0:08:26]} 26. Rxd5 {[%clk 0:08:38]} Nf6
{[%clk 0:08:34]} 27. Rd2 {[%clk 0:08:38]} g3 {[%clk 0:08:40]} 0-1

[Event "Team Championship of Russia (rapid)"]
[Site "Sochi"]
[Date "2015.05.09"]
[Round "7.31"]
[White "Savenkov, Konstantin"]
[Black "Torbin, Kirill"]
[Result "1-0"]
[LiveChessVersion "1.4.4"]
[BlackElo "2344"]
[WhiteElo "2278"]
[BlackTeam "Ladya-2"]
[WhiteTeam "Our heritage - Junior"]

1. e4 {[%clk 0:15:19]} c5 {[%clk 0:15:19]} 2. Nf3 {[%clk 0:15:28]} Nc6
{[%clk 0:15:28]} 3. Bb5 {[%clk 0:15:37]} g6 {[%clk 0:15:35]} 4. Bxc6
{[%clk 0:15:45]} dxc6 {[%clk 0:15:43]} 5. h3 {[%clk 0:15:53]} Bg7
{[%clk 0:15:44]} 6. d3 {[%clk 0:16:01]} e5 {[%clk 0:15:50]} 7. Nbd2
{[%clk 0:15:46]} Qe7 {[%clk 0:13:27]} 8. Nc4 {[%clk 0:15:39]} f6 {[%clk 0:12:14]}
9. Be3 {[%clk 0:15:23]} Nh6 {[%clk 0:12:22]} 10. Qd2 {[%clk 0:15:15]} Nf7
{[%clk 0:12:30]} 11. Qa5 {[%clk 0:15:21]} b5 {[%clk 0:09:44]} 12. Ncd2
{[%clk 0:14:06]} Nd8 {[%clk 0:09:29]} 13. Nb3 {[%clk 0:10:41]} Ne6
{[%clk 0:08:41]} 14. Qc3 {[%clk 0:07:19]} Bf8 {[%clk 0:08:48]} 15. O-O
{[%clk 0:06:21]} Bd7 {[%clk 0:08:44]} 16. Nh2 {[%clk 0:05:22]} Nd4
{[%clk 0:08:44]} 17. Qd2 {[%clk 0:04:50]} Be6 {[%clk 0:08:22]} 18. Nc1
{[%clk 0:01:16]} Bf7 {[%clk 0:08:16]} 19. f4 {[%clk 0:01:25]} exf4
{[%clk 0:06:32]} 20. Bxf4 {[%clk 0:01:32]} Bg7 {[%clk 0:06:35]} 21. c3
{[%clk 0:01:13]} Ne6 {[%clk 0:06:43]} 22. Bh6 {[%clk 0:01:17]} O-O
{[%clk 0:04:43]} 23. Ng4 {[%clk 0:01:16]} Be8 {[%clk 0:04:50]} 24. Ne2
{[%clk 0:00:59]} Bd7 {[%clk 0:04:55]} 25. Rf2 {[%clk 0:00:54]} Ng5
{[%clk 0:04:48]} 26. Bxg7 {[%clk 0:00:48]} Kxg7 {[%clk 0:04:41]} 27. Nxf6
{[%clk 0:00:44]} Nxh3+ {[%clk 0:04:43]} 28. gxh3 {[%clk 0:00:52]} Rxf6
{[%clk 0:04:52]} 29. Qg5 {[%clk 0:00:50]} Raf8 {[%clk 0:04:26]} 30. Raf1
{[%clk 0:00:52]} h6 {[%clk 0:03:30]} 31. Qg3 {[%clk 0:00:48]} Rxf2
{[%clk 0:03:20]} 32. Rxf2 {[%clk 0:00:57]} Rxf2 {[%clk 0:03:28]} 33. Kxf2
{[%clk 0:01:03]} Qf7+ {[%clk 0:03:08]} 34. Ke3 {[%clk 0:00:59]} Qxa2
{[%clk 0:03:12]} 35. Qe5+ {[%clk 0:00:46]} Kf7 {[%clk 0:02:50]} 36. Qf4+
{[%clk 0:00:43]} Kg7 {[%clk 0:02:57]} 37. Qe5+ {[%clk 0:00:52]} Kf7
{[%clk 0:03:06]} 38. Qf4+ {[%clk 0:01:01]} Kg7 {[%clk 0:03:15]} 39. Qe5+
{[%clk 0:01:10]} Kg8 {[%clk 0:03:24]} 40. Qxc5 {[%clk 0:00:40]} a5
{[%clk 0:02:37]} 41. Qd6 {[%clk 0:00:17]} Qf7 {[%clk 0:02:42]} 42. h4
{[%clk 0:00:20]} Qe6 {[%clk 0:02:23]} 43. Qxe6+ {[%clk 0:00:22]} Bxe6
{[%clk 0:02:32]} 44. Kd4 {[%clk 0:00:17]} Bg4 {[%clk 0:02:28]} 45. Ng3
{[%clk 0:00:23]} Kf7 {[%clk 0:02:31]} 46. Kc5 {[%clk 0:00:31]} Bd7
{[%clk 0:02:40]} 47. Kd6 {[%clk 0:00:38]} Be8 {[%clk 0:02:47]} 48. e5
{[%clk 0:00:44]} g5 {[%clk 0:02:42]} 49. h5 {[%clk 0:00:43]} Kf8 {[%clk 0:02:38]}
50. e6 {[%clk 0:00:51]} g4 {[%clk 0:02:35]} 51. d4 {[%clk 0:00:34]} a4
{[%clk 0:02:42]} 52. Ke5 {[%clk 0:00:38]} Ke7 {[%clk 0:02:40]} 53. Nf5+
{[%clk 0:00:33]} Kd8 {[%clk 0:02:48]} 54. Ng3 {[%clk 0:00:33]} Ke7
{[%clk 0:02:57]} 55. Nf5+ {[%clk 0:00:43]} Kd8 {[%clk 0:03:06]} 56. Ng3
{[%clk 0:00:52]} Ke7 {[%clk 0:03:16]} 57. Nf5+ {[%clk 0:00:40]} Kd8
{[%clk 0:03:25]} 58. Ng3 {[%clk 0:00:40]} Ke7 {[%clk 0:03:34]} 59. Kf5
{[%clk 0:00:49]} Kd6 {[%clk 0:03:28]} 60. Kf6 {[%clk 0:00:55]} c5
{[%clk 0:03:36]} 61. dxc5+ {[%clk 0:01:02]} Kxc5 {[%clk 0:03:45]} 62. Kg7
{[%clk 0:01:01]} Kd6 {[%clk 0:03:09]} 63. Kf8 {[%clk 0:01:03]} Bc6
{[%clk 0:02:51]} 64. e7 {[%clk 0:01:10]} Ke5 {[%clk 0:02:59]} 65. e8=Q+
{[%clk 0:00:35]} Bxe8 {[%clk 0:03:07]} 66. Kxe8 {[%clk 0:00:44]} Kf4
{[%clk 0:03:17]} 67. Nf1 {[%clk 0:00:40]} Kg5 {[%clk 0:02:22]} 68. Kd7
{[%clk 0:00:46]} Kxh5 {[%clk 0:02:30]} 69. Kc6 {[%clk 0:00:54]} Kh4
{[%clk 0:02:24]} 70. Kxb5 {[%clk 0:01:00]} g3 {[%clk 0:02:33]} 71. Nxg3
{[%clk 0:00:20]} Kxg3 {[%clk 0:02:39]} 72. c4 {[%clk 0:00:29]} h5
{[%clk 0:02:34]} 73. c5 {[%clk 0:00:37]} h4 {[%clk 0:02:43]} 74. c6
{[%clk 0:00:47]} h3 {[%clk 0:02:53]} 75. c7 {[%clk 0:00:56]} h2 {[%clk 0:03:02]}
76. c8=Q {[%clk 0:01:05]} h1=Q {[%clk 0:03:10]} 77. Qc3+ {[%clk 0:01:01]} Kf4
{[%clk 0:03:05]} 78. Kxa4 {[%clk 0:01:09]} Qa8+ {[%clk 0:02:46]} 79. Qa5
{[%clk 0:01:00]} Qe8+ {[%clk 0:02:49]} 80. Ka3 {[%clk 0:00:50]} Qc8
{[%clk 0:02:36]} 81. Qd5 {[%clk 0:00:42]} Qa6+ {[%clk 0:02:37]} 82. Kb4
{[%clk 0:00:47]} Qb6+ {[%clk 0:02:00]} 83. Kc3 {[%clk 0:00:55]} Qb8
{[%clk 0:01:34]} 84. b4 {[%clk 0:00:59]} Ke3 {[%clk 0:01:21]} 85. b5
{[%clk 0:00:51]} Qh8+ {[%clk 0:01:11]} 86. Kc4 {[%clk 0:00:57]} Qh4+
{[%clk 0:01:07]} 87. Kc5 {[%clk 0:01:05]} Qe7+ {[%clk 0:01:16]} 88. Qd6
{[%clk 0:01:10]} Qa7+ {[%clk 0:00:58]} 89. b6 {[%clk 0:01:15]} Qa5+
{[%clk 0:00:55]} 90. Kc6 {[%clk 0:01:23]} Qa6 {[%clk 0:01:03]} 91. Qe5+
{[%clk 0:01:20]} Kd2 {[%clk 0:01:07]} 92. Qd5+ {[%clk 0:01:28]} Ke3
{[%clk 0:01:14]} 93. Kc7 {[%clk 0:01:37]} Qa3 {[%clk 0:01:12]} 94. Qe5+
{[%clk 0:01:35]} Kf2 {[%clk 0:01:15]} 95. b7 {[%clk 0:01:36]} Qc1+
{[%clk 0:01:20]} 96. Kd7 {[%clk 0:01:35]} Qd1+ {[%clk 0:01:23]} 97. Ke7
{[%clk 0:01:41]} 1-0

[Event "Team Championship of Russia (rapid)"]
[Site "Sochi"]
[Date "2015.05.09"]
[Round "7.32"]
[White "Petrov, Ilja"]
[Black "Shuvalova, Polina"]
[Result "1-0"]
[LiveChessVersion "1.4.4"]
[BlackElo "2269"]
[WhiteElo "2215"]
[BlackTeam "Our heritage - Junior"]

1. e4 {[%clk 0:15:18]} c5 {[%clk 0:15:11]} 2. Nf3 {[%clk 0:15:26]} g6
{[%clk 0:15:20]} 3. d4 {[%clk 0:15:26]} cxd4 {[%clk 0:15:28]} 4. Nxd4
{[%clk 0:15:32]} Bg7 {[%clk 0:15:37]} 5. Nc3 {[%clk 0:14:44]} Nc6
{[%clk 0:15:45]} 6. Be3 {[%clk 0:14:13]} Nf6 {[%clk 0:15:50]} 7. Be2
{[%clk 0:14:08]} O-O {[%clk 0:15:57]} 8. O-O {[%clk 0:14:09]} d5 {[%clk 0:16:05]}
9. exd5 {[%clk 0:13:43]} Nb4 {[%clk 0:16:13]} 10. Bf3 {[%clk 0:12:43]} Nbxd5
{[%clk 0:16:20]} 11. Nxd5 {[%clk 0:11:42]} Nxd5 {[%clk 0:16:27]} 12. Bg5
{[%clk 0:10:59]} h6 {[%clk 0:15:02]} 13. Bc1 {[%clk 0:10:14]} a6 {[%clk 0:12:33]}
14. Nf5 {[%clk 0:08:29]} Bxf5 {[%clk 0:12:12]} 15. Bxd5 {[%clk 0:08:32]} Qc7
{[%clk 0:10:40]} 16. c3 {[%clk 0:08:20]} e6 {[%clk 0:10:28]} 17. Bf3
{[%clk 0:08:19]} Rad8 {[%clk 0:10:24]} 18. Qb3 {[%clk 0:08:17]} b5
{[%clk 0:10:10]} 19. Be3 {[%clk 0:08:08]} e5 {[%clk 0:08:51]} 20. Rfd1
{[%clk 0:06:48]} e4 {[%clk 0:08:17]} 21. Be2 {[%clk 0:06:54]} Be6
{[%clk 0:06:51]} 22. Qb4 {[%clk 0:06:33]} f5 {[%clk 0:05:27]} 23. a4
{[%clk 0:05:34]} Be5 {[%clk 0:01:55]} 24. axb5 {[%clk 0:04:22]} Rxd1+
{[%clk 0:01:29]} 25. Bxd1 {[%clk 0:03:52]} Bxh2+ {[%clk 0:01:06]} 26. Kh1
{[%clk 0:04:01]} Bd6 {[%clk 0:01:08]} 27. Qd4 {[%clk 0:01:59]} Qe7
{[%clk 0:01:11]} 28. Rxa6 {[%clk 0:01:16]} Rd8 {[%clk 0:01:16]} 29. Rxd6
{[%clk 0:00:17]} Rxd6 {[%clk 0:01:03]} 30. Qa4 {[%clk 0:00:22]} Qd8
{[%clk 0:00:21]} 31. Bb3 {[%clk 0:00:14]} Bxb3 {[%clk 0:00:15]} 32. Qxb3+
{[%clk 0:00:23]} Kg7 {[%clk 0:00:15]} 33. Bd4+ {[%clk 0:00:32]} Rxd4
{[%clk 0:00:24]} 34. cxd4 {[%clk 0:00:37]} Qh4+ {[%clk 0:00:15]} 35. Kg1
{[%clk 0:00:46]} Qf4 {[%clk 0:00:21]} 36. Qc3 {[%clk 0:00:42]} h5
{[%clk 0:00:17]} 37. b6 {[%clk 0:00:49]} Kf6 {[%clk 0:00:21]} 38. d5+
{[%clk 0:00:43]} Kg5 {[%clk 0:00:26]} 39. Qe3 {[%clk 0:00:29]} 1-0